<?xml version="1.0" encoding="UTF-8"?><?xml-stylesheet type="text/xsl" href="static/style.xsl"?><OAI-PMH xmlns="http://www.openarchives.org/OAI/2.0/" xmlns:xsi="http://www.w3.org/2001/XMLSchema-instance" xsi:schemaLocation="http://www.openarchives.org/OAI/2.0/ http://www.openarchives.org/OAI/2.0/OAI-PMH.xsd"><responseDate>2026-04-14T04:36:58Z</responseDate><request verb="GetRecord" identifier="oai:www.recercat.cat:10459.1/468771" metadataPrefix="marc">https://recercat.cat/oai/request</request><GetRecord><record><header><identifier>oai:recercat.cat:10459.1/468771</identifier><datestamp>2025-10-13T18:44:18Z</datestamp><setSpec>com_2072_3622</setSpec><setSpec>col_2072_479130</setSpec></header><metadata><record xmlns="http://www.loc.gov/MARC21/slim" xmlns:dcterms="http://purl.org/dc/terms/" xmlns:xsi="http://www.w3.org/2001/XMLSchema-instance" xmlns:doc="http://www.lyncode.com/xoai" xsi:schemaLocation="http://www.loc.gov/MARC21/slim http://www.loc.gov/standards/marcxml/schema/MARC21slim.xsd">
   <leader>00925njm 22002777a 4500</leader>
   <datafield ind2=" " ind1=" " tag="042">
      <subfield code="a">dc</subfield>
   </datafield>
   <datafield ind2=" " ind1=" " tag="720">
      <subfield code="a">López Cassà, Èlia</subfield>
      <subfield code="e">author</subfield>
   </datafield>
   <datafield ind2=" " ind1=" " tag="720">
      <subfield code="a">Berastegui-Martínez, Jon</subfield>
      <subfield code="e">author</subfield>
   </datafield>
   <datafield ind2=" " ind1=" " tag="720">
      <subfield code="a">Ros Morente, Agnès</subfield>
      <subfield code="e">author</subfield>
   </datafield>
   <datafield ind2=" " ind1=" " tag="720">
      <subfield code="a">Gomis Cañellas, Raquel</subfield>
      <subfield code="e">author</subfield>
   </datafield>
   <datafield ind2=" " ind1=" " tag="260">
      <subfield code="c">2025</subfield>
   </datafield>
   <datafield ind2=" " ind1=" " tag="520">
      <subfield code="a">Numerosos estudios previos han resaltado el papel fundamental de las competencias emocionales en la efectividad docente y en el desarrollo de los estudiantes. Sin embargo, aún son limitados los estudios que analizan el impacto de las competencias emocionales docentes en el bienestar, rendimiento académico y desarrollo emocional del alumnado.  El presente estudio pretende evaluar las competencias emocionales del profesorado y analizar su relación con variables clave en el alumnado de educación primaria, como las competencias emocionales, la ansiedad y el rendimiento académico. La investigación incluye una muestra de 118 docentes y 1.676 alumnos de educación primaria de diferentes centros educativos de España. Se empleó un diseño cuantitativo no experimental, utilizando un método descriptivo y comparativo-causal ex-post-facto. Para el análisis de los datos se utilizó el software SPSS en su versión 28.0.  Los instrumentos utilizados incluyeron el Cuestionario de Desarrollo Emocional (CDE-A-35), Cuestionario de Desarrollo Emocional (CDE 9-13), la Escala de Observación de Competencias emocionales, Escala de Ansiedad en Niños (CAS), Inventario de Ansiedad estado-rasgo en Niños (STAIC) y el promedio global de calificaciones. Los resultados evidencian que no existen correlaciones significativas entre las competencias emocionales del profesorado y las de sus estudiantes en los cursos iniciales, mientras que en los cursos superiores de educación primaria sí muestran una asociación significativa. Además, las competencias emocionales del profesorado correlacionan significativamente y de manera negativa con la ansiedad del alumnado en los cursos más avanzados. A pesar de no haberse identificado una relación directa entre competencias emocionales del docente y el rendimiento académico del alumnado, los resultados destacan la importancia de promover el desarrollo de estas competencias emocionales en el profesorado y en los estudiantes. En conclusión, estos hallazgos subrayan la importancia de las competencias emocionales en el contexto escolar y la necesidad de reforzar las competencias emocionales de los docentes para favorecer el bienestar y el desarrollo emocional del alumnado.</subfield>
   </datafield>
   <datafield ind2=" " ind1=" " tag="520">
      <subfield code="a">Los autores agradecen especialmente a todas las escuelas, el profesorado, alumnado y sus familias por su participación en el estudio.Esta investigación es parte del proyecto de I+D+i / ayuda RTI2018-098294-B-I00/ PRE2019-091604, financiada por MCIN/ AEI/10.13039/501100011033/ FEDER «Una manera de hacer Europa»</subfield>
   </datafield>
   <datafield ind1="8" ind2=" " tag="024">
      <subfield code="a">http://hdl.handle.net/10459.1/468771</subfield>
   </datafield>
   <datafield tag="653" ind2=" " ind1=" ">
      <subfield code="a">Competencias emocionales</subfield>
   </datafield>
   <datafield tag="653" ind2=" " ind1=" ">
      <subfield code="a">Ansiedad</subfield>
   </datafield>
   <datafield tag="653" ind2=" " ind1=" ">
      <subfield code="a">Rendimiento académico</subfield>
   </datafield>
   <datafield ind2="0" ind1="0" tag="245">
      <subfield code="a">Relación de las competencias emocionales del profesorado con la ansiedad, el rendimiento académico y las competencias emocionales del alumnado de Educación Primaria</subfield>
   </datafield>
   <datafield ind2="0" ind1="0" tag="245">
      <subfield code="a">Relationship between teachers’ emotional competences and Primary School students’ anxiety, academic performance, and emotional competences</subfield>
   </datafield>
</record></metadata></record></GetRecord></OAI-PMH>